000 00392 a2200169 4500
001 70486
020 _a8577526755
040 _cAnchieta - Itaigara
100 _aPaula, Eudson de
240 1 0 _aO menino que falava com Deus
_lpor
245 1 0 _aO menino que falava com Deus
300 _a16
362 0 _a2009
440 1 _aConstruir
650 4 _aLiteratura infanto-juvenil
942 _cBK
999 _c70486
_d70486